MSC Property Development and Property Values : 26 August 1997 [

Bibliographic Details
Corporate Author: Institut Penilaian Negara
Format: Book
Published: Bangi : Institut Penilaian Negara , 1997
Subjects:

MARC

LEADER 00000cam a2200000 7i4500
001 0000005002
005 20080809.0
040 |a INS 
090 0 0 |a VCD 713 
245 1 0 |a MSC Property Development and Property Values :   |b 26 August 1997 [  |h video disc] 
260 |a Bangi :   |b Institut Penilaian Negara ,   |c 1997 
300 |a 3 videodisc (180 min.) :   |b sd., col. ;   |c 4 3/4 in. 
500 |a Also available in format VHS 717 
650 0 0 |a Property   |x valuation 
710 1 |a Institut Penilaian Negara 
999 |a VCD0000713   |b VIDEO CD   |c Media Collection   |e Default branch